|
|
|
|
| LEADER |
00000nam a2200000 a 4500 |
| 001 |
vtls001332461 |
| 003 |
SK-MaSNL |
| 005 |
20260301235728.0 |
| 008 |
210928s1989 xr 0 cze |
| 020 |
|
|
|a 8020000690
|
| 035 |
|
|
|a SNK000285362
|
| 040 |
|
|
|a SNK
|b slo
|c SNK
|e AACR2
|
| 041 |
0 |
|
|a cze
|
| 044 |
|
|
|a CZ
|
| 080 |
|
|
|a 73/76(091)(084.12)
|2 1981
|
| 245 |
1 |
|
|a Dějiny českého výtvarného umění
|n díl 2.
|n [část] 1
|p Od počátků renesance do závěru baroka
|c věd. red.: Jiří Dvorský
|
| 260 |
|
|
|a Praha
|b Academia
|c 1989
|
| 300 |
|
|
|a 390, [1] s.
|c 4°
|
| 650 |
0 |
7 |
|a umenie výtvarné české
|x dejiny
|2 SNK
|9 633360
|
| 700 |
1 |
|
|a Dvorský, Jiří,
|d 1938-
|4 edi
|9 264619
|
| 919 |
|
|
|a 80-200-0069-0
|
| 958 |
|
|
|a RK
|
| 958 |
|
|
|a OND
|
| 999 |
|
|
|c 976372
|d 978302
|
| 952 |
|
|
|t P60, <04>, [BOOK], {604}
|a SNK
|b SNK
|y VYP
|7 0
|p 17A0407135
|o snkIB 63254/2/1
|i snkKIP 659/90
|0 0
|1 0
|4 0
|d 1998-05-27
|l 0
|r 2005-01-02 00:00:00
|w 2026-02-24
|
| 952 |
|
|
|t P60, <04>, [BOOK], {604}
|a SNK
|b SNK
|y VYP
|7 0
|o snkIB 63254/2/1 D1
|i snkKIP 660/90
|0 0
|1 0
|4 0
|d 1998-05-27
|l 0
|r 2005-01-02 00:00:00
|w 2026-02-24
|